[Event "Bazna Kings 4th"]
[Site "Medias"]
[Date "2010.06.17"]
[Round "4"]
[White "Ponomariov, Ruslan"]
[Black "Nisipeanu, Liviu Dieter"]
[Result "1-0"]
[WhiteElo "2733"]
[BlackElo "2672"]
[Annotator "Rogozenco,D"]
[PlyCount "71"]
[EventDate "2010.06.14"]
[EventType "tourn"]
[EventRounds "10"]
[EventCountry "ROU"]
[EventCategory "20"]
[SourceTitle "CBM 137"]
[Source "ChessBase"]
[SourceDate "2010.07.15"]
[SourceVersion "1"]
[SourceVersionDate "2010.07.15"]
[SourceQuality "1"]

1. d4 Nf6 2. c4 e6 3. Nf3 c5 4. d5 b5 5. Bg5 b4 6. a3 $1 a5 {Knowing that this
is Nisipeanu's pet variation in the Blumenfeld with 5. Bg5, Ponomariov
prepared a powerful novelty.} ({In case of} 6... h6 7. Bh4 a5 {White continues}
8. axb4 cxb4 9. Nd4 {with advantage:} Be7 (9... Bc5 10. Nb3 $1) 10. Nb5 d6 11.
c5 O-O 12. dxe6 dxc5 13. exf7+ Kxf7 14. Nd2 Kg8 15. e3 Ng4 16. Bg3 Bh4 17. Ne4
Bxg3 18. hxg3 Nc6 19. Qxd8 Rxd8 20. Nxc5 {with a pawn up for White, Ivanchuk,V
(2787)-Nisipeanu,L (2668)/Khanty-Mansiysk 2007.}) 7. e4 $1 {As indicated by
Ponomariov after the game, this idea was discovered by his second Alexander
Moiseenko.} ({Previously White continued} 7. axb4 cxb4 8. Nd4 Bc5 9. e3 {
but Nisipeanu has played it before with good results for Black.} ({with the
bishop on g5 instead of h4 the move} 9. Nb3 {doesn't work in view of} Bxf2+ 10.
Kxf2 Ng4+)) 7... h6 (7... d6 8. axb4 cxb4 9. c5 $1 {with the idea} dxc5 10. e5
{and White's initiative seems to be decisive.}) 8. Bxf6 Qxf6 9. e5 Qd8 (9...
Qg6 10. Bd3 Qxg2 11. Rg1 Qh3 12. axb4 cxb4 13. Nbd2 {is also far from
attractive for Black.}) 10. Bd3 (10. d6 {is not convincing in view of} Bb7 11.
Bd3 g5 $1 {with counterplay against pawn e5.}) (10. Nbd2 {is an interesting
alternative suggested by Ponomariov, with the idea to prevent} g6 {which is
just bad here because of} 11. Ne4) 10... g6 {It is already hard to suggest
anything good for Black.} (10... Bb7 11. Be4) ({After} 10... d6 {apart from 11.
0-0, White can also consider the ultra-aggressive} 11. axb4 cxb4 12. c5) 11.
Nbd2 Bg7 12. Ne4 O-O 13. O-O exd5 14. cxd5 {Black's position is difficult and
Nisipeanu tries to complicate matters by tactical means.} d6 15. Nxd6 Bg4 (
15... Bxe5 16. Nxf7 {is even worse.}) 16. Re1 $1 (16. Nc4 {allows Black to
complicate matters indeed:} Qxd5 $1 17. Nb6 Bxf3 18. gxf3 Qd8 ({or} 18... Qxe5
19. Nxa8 Qf4 20. Re1 Bxb2) 19. Nxa8 Bxe5 {with compensation}) 16... Bxe5 (16...
Nd7 17. Nc4) ({or} 16... Bxf3 17. Qxf3 Bxe5 18. Nc4 Bd4 19. d6 {is also a
large advantage for White}) 17. Nxf7 $1 ({After} 17. Rxe5 Qxd6 {Black is
actually doing okay.}) 17... Rxf7 18. Rxe5 Bxf3 19. gxf3 Nd7 20. Re3 (20. Re6
Nf8) 20... Qg5+ 21. Kh1 Ne5 22. Be2 Rd8 23. axb4 axb4 24. d6 {White is a pawn
up and his king is safer. Besides, Black has no stable square for the knight.
All this means that White should already be winning.} Rf5 {Probably not the
most stubborn way to put up resistance, but as mentioned, the situation was
difficult anyway.} 25. Qb3+ Kh8 26. Qe6 Nf7 27. d7 Kg7 28. Rg1 Qf6 29. Bd3 Rg5
30. Qe8 Rxg1+ 31. Kxg1 Qxb2 32. Re7 Qc1+ 33. Bf1 Qg5+ 34. Kh1 Qf5 35. h3 b3 36.
Bc4 1-0

[Event "Pardubice KB Czech op"]
[Site "Pardubice"]
[Date "2003.07.19"]
[Round "2"]
[White "Roiz, Michael"]
[Black "Swicarz, Maciej"]
[Result "1-0"]
[WhiteElo "2554"]
[BlackElo "2308"]
[Annotator "Roiz,M"]
[PlyCount "39"]
[EventDate "2003.07.18"]
[EventType "swiss"]
[EventRounds "9"]
[EventCountry "CZE"]
[SourceTitle "CBM 095 Extra"]
[Source "ChessBase"]
[SourceDate "2003.09.04"]
[SourceVersion "1"]
[SourceVersionDate "2003.09.04"]
[SourceQuality "1"]

1. d4 {. . . . . . Ftacnik} Nf6 2. Nf3 e6 3. c4 c5 4. d5 b5 {Quite a rare
opening nowdays.} 5. Bg5 {The most principal.} Qa5+ (5... h6 6. Bxf6 Qxf6 7.
Qc2 exd5 8. cxd5 d6 9. e4 a6 10. a4 b4 11. Nbd2 Bg4 12. e5 $1 dxe5 (12... Qe7
13. e6 (13. Qe4 Bxf3 14. Nxf3 Nd7 15. e6 Nf6 $10) 13... Bxf3 14. Nxf3 fxe6 15.
Qg6+ Qf7 16. Qxe6+ Qxe6+ 17. dxe6 Nc6 18. Bc4 $16 {Chernin}) 13. Ne4 Qf4 14.
Nfd2 Bf5 15. Bd3 Bxe4 16. Nxe4 Nd7 17. g3 Qg4 18. h3 Qh5 (18... Qf3 19. O-O f5
20. Nd2 $16) (18... Qg6 19. Nxc5 Qb6 20. Nxa6 $1 Bd6 21. Qc6 $18) 19. d6 $1 Qg6
(19... f5 20. Nxc5 $1 Rc8 21. Bxf5 $1 $18) 20. Rd1 b3 21. Qe2 f5 22. g4 $1 c4
23. Bb1 fxg4 (23... Rc8 24. Ng3 $18) 24. Qxc4 Qf7 25. Qc6 Rd8 26. hxg4 g6 27.
Nc5 Rg8 28. Be4 Bg7 29. Nxa6 Qf4 30. Nc7+ Kf7 31. Qc4+ Kf6 32. Nd5+ {1-0
Chernin,A-Miles,A/Tunis 1985/IZT/[ChessBase] (32)}) 6. Nc3 $5 {The most
ambitious move.} ({There are alternatives:} 6. Bd2) (6. Nbd2) ({and the most
popular is} 6. Qd2) 6... Ne4 {[%csl Rc3,Rg5][%cal Ge4g5,Ge4c3] The main.Black
wants to use a pin.On} (6... b4 7. Bxf6 gxf6 8. Ne4 b3+ (8... f5 9. Nf6+ Ke7
10. Qd2 $36) 9. Nc3 bxa2 10. Rxa2 Qb4 11. e4 Rg8 12. g3 $16 {1-0 Ionescu,
C-Kogan,A/Manresa 1997/EXT 2000 (27)}) 7. cxb5 $5 {In my opinion,that move is
quite logical:white has a development advantage,so he should try to change the
close type of position at any cost.It's just amazing,that there are only a few
games with 7.cxb5.} ({Much more popular here is 7.Bd2,but i don't like that
because black gets a pair of bishops.} 7. Bd2 Nxd2 8. Nxd2 (8. Qxd2 b4 9. Nd1
d6 10. dxe6 fxe6 11. g3 Nc6 12. Bg2 Rb8 13. O-O Be7 14. Qf4 Qc7 15. Ne3 Bf6 16.
Rad1 Ne5 $15 {0-1 Lugovoi,A-Smagin,S/Elista 1995/CBM 50 (34)}) 8... b4 9. Nce4
f5 10. Ng3 g6 11. e4 Bg7 12. exf5 exf5 13. Bd3 (13. Nxf5 $6 gxf5 14. Qh5+ Ke7
15. Bd3 Qb6 16. O-O Qg6 17. Rfe1+ Kd8 18. Qf3 (18. Qxf5 {Ftacnik} Qxf5 19. Bxf5
Bxb2 20. Rab1 Bc3 $19) 18... Rf8 (18... d6 19. Re6 $1 Qg5 20. Rd1 $132) 19. d6
Qxd6 20. Qxa8 Nc6 21. Bxf5 (21. Rad1 Kc7 (21... Qxd3 {} 22. Nb3 Qxc4 23. Qxc6
$18) 22. Bc2 Ba6 $3 (22... Qg6 $2 23. Nb3 Ba6 24. Nxc5 Rxa8 25. Rxd7+ Kc8 (
25... Kb6 26. Na4+ Ka5 27. Rd5+ Bb5 28. Rxb5+ Ka6 29. Nc5#) 26. Bxf5 $18) (
22... Bb7 23. Ne4 $1 Qe7 24. Qxb7+ Kxb7 25. Nd6+ Kb8 26. Rxe7 Nxe7 $13) 23. Re8
Bb7 24. Rxf8 Bxa8 25. Rxa8 Qe6 $17) 21... Rxf5 22. Ne4 (22. Re8+ Kxe8 23. Qxc8+
Kf7 $19) 22... Qf8 23. Rad1 Bd4 24. Kh1 Kc7 25. a3 b3 26. Nd2 (26. Re2 {Ftacnik
} Bb7 27. Qxf8 Rxf8 $17) 26... Rxf2 27. Nxb3 Qg7 28. Rg1 Rxb2 29. Nxd4 cxd4 {
0-1 Gyimesi,Z-Tolnai,T/Budapest 1996/CBM 53/[Ftacnik] (29)} 30. Rb1 Bb7 31. Qe8
Qxg2+ 32. Rxg2 Rxb1+ 33. Rg1 Ne5#) (13. Qc2 d6 $15) 13... O-O 14. Qb3 d6 15.
O-O Nd7 16. f4 Qd8 $15 {1/2-1/2 Belozerov,A-Feoktistov,A/Moscow 1996/CBM 55
ext (20)}) 7... Bb7 $2 {Attacking the key pawn on d5 and trying to break
white's centre.That move looks the most promising,but actually that is losing!}
(7... Nxg5 8. Nxg5 Be7 9. Qd2 Bb7 10. e4 O-O 11. Be2 h6 12. Nf3 f5 13. d6 $6 (
13. dxe6 $1 fxe4 (13... dxe6 14. Bc4 fxe4 15. Nxe4 $16) 14. Nxe4 Qb6 15. Nc3
Qxe6 16. Rd1 $16) 13... Bd8 14. e5 a6 15. bxa6 Nxa6 16. O-O Qb4 17. a3 Qb3 18.
Qc1 Bc6 $44 {0-1 Nagy,A-Csiszar,C/Hungary 1997/EXT 2000 (43)}) ({The best is:} 
7... a6 $1 8. Bd2 Nxd2 9. Nxd2 axb5 10. e4 c4 11. a4 Bb4 12. Nxb5 exd5 13. exd5
O-O 14. Be2 Bb7 (14... Re8 $2 15. O-O $1 Bxd2 16. Nd6 $16) 15. Nc3 Bxc3 16.
bxc3 Qxd5 17. Nf3 Re8 18. Ra2 Qd3 19. O-O Qxc3 20. Rc2 Qf6 21. Rxc4 Ba6 22. Rc2
Bxe2 23. Rxe2 Rxe2 24. Qxe2 Nc6 $11 {1/2-1/2 Johansen,D-Depasquale,C/Melbourne
1991/CBM 22 ext (33)}) 8. Bd2 $1 $146 {[%mdl 8] That is one of my best
novelties,that was found at the game.} (8. dxe6 fxe6 9. Bd2 Nxd2 10. Nxd2 d5 $2
(10... Qc7 $1 11. e4 Be7 12. Bd3 O-O 13. O-O a6 $14) 11. e4 d4 12. Qh5+ Kd8 13.
Nc4 Qb4 14. O-O-O g6 15. Qe5 Bh6+ 16. Kb1 Rf8 17. Qd6+ Kc8 18. a3 Qb3 19. Qxc5+
{1-0 Borovikov,V-Sharapov,E/Sevastopol 2000/EXT 2001 (19)}) 8... Nxc3 $6 {
Now white gets an ideal places for his bishops,and the game is over.} ({
More resistant was:} 8... Nxd2 9. Nxd2 Bxd5 (9... exd5 10. Nb3 Qd8 11. Nxd5 c4
12. Rc1 $1 cxb3 13. Nc7+ Ke7 14. Qxb3 $18) 10. Nxd5 exd5 11. e3 $16 (11. e4 $5
dxe4 12. Bc4 a6 $8 13. Qh5 $40)) 9. Bxc3 Qxb5 10. e4 Qb6 (10... c4 11. Qd4 $1
exd5 12. Qe5+ Be7 (12... Kd8 13. Bxc4 $1 Qxc4 14. Ba5+ $18) 13. Qxg7 Rf8 14.
Nd4 Qc5 15. exd5 Qxd5 16. Qxh7 $18) 11. Bc4 Be7 {Otherwise black is not able
to finish development.} 12. Bxg7 $1 {White has a development advantage,so he
should prevent 12...0-0 at any cost!} (12. O-O O-O 13. Re1 a5 $16 {[%cal Gb7a6]
}) 12... Rg8 (12... Qb4+ 13. Nd2 Rg8 14. Bc3 $18) 13. Bc3 Rxg2 14. Ne5 $1 $18 {
All white pieces are attacking.On the other hand,black's pieces Ra8 and Nb8
are not developed and Bb7 is completely out of play.} f6 (14... Bh4 15. Qh5 $1
Bxf2+ 16. Kf1 $18) (14... Rg5 15. f4 Rg7 16. Qh5 exd5 17. exd5 d6 (17... Bf6
18. O-O-O d6 19. Nxf7 $18) 18. Ng4 $18) 15. Qh5+ Kd8 16. Qh3 ({The most simple
was:} 16. Bf1 $1 {[%cal Ge5c4]} fxe5 (16... Rg8 17. Nc4 $1 Qa6 18. Ba5+ $18)
17. Bxg2 $18) 16... Rg8 (16... Rg7 17. Qh6 Rg2 18. Nf7+ Kc8 19. Qxh7 exd5 20.
exd5 Rg4 21. Qh8+ Kc7 22. d6+ Bxd6 23. Qd8+ $18) 17. Qxh7 Re8 18. Nf7+ Kc8 19.
O-O-O {White has an extra pawn,but that is not the most important.Black hasn't
any active piece with no chance for counterplay!} Na6 (19... exd5 20. Bxd5 Bxd5
21. Rxd5 (21. exd5 $18 {[%cal Gh2h4]}) 21... Qe6 22. Rhd1 Nc6 23. Nd6+ $18) 20.
Rhg1 {[%mdl 32768]} 1-0

[Event "EU-chT (Men) 20th"]
[Site "Reykjavik"]
[Date "2015.11.21"]
[Round "8.3"]
[White "Esen, Baris"]
[Black "Short, Nigel D"]
[Result "0-1"]
[WhiteElo "2565"]
[BlackElo "2686"]
[Annotator "Sagar Shah"]
[PlyCount "80"]
[EventDate "2015.11.13"]
[EventType "team-swiss"]
[EventRounds "9"]
[EventCountry "ISL"]
[SourceTitle "CBM 170"]
[Source "ChessBase"]
[SourceDate "2016.01.15"]
[SourceVersion "1"]
[SourceVersionDate "2016.01.15"]
[SourceQuality "1"]
[WhiteTeam "Turkey"]
[BlackTeam "England"]
[WhiteTeamCountry "TUR"]
[BlackTeamCountry "ENG"]

{The reason why I selected this game for annotations is because of the unusual
opening played by Nigel Short and the fact that a completely dubious sacrifice
by Baris Esen created quite a few practical problems even for a 2686 player.} 
1. d4 Nf6 2. c4 e6 3. Nf3 a6 $5 {What is that?!! Well the line isn't so rare.
It has been played in nearly 500 games and essayed by top players like
Romanishin, Gurevich and Miles.} 4. Bg5 h6 5. Bxf6 Qxf6 6. Nc3 d6 7. Qc2 g6 8.
c5 $6 {Esen wants to prove that the move a6 was a mistake by Short and hence
plays in an aggressive fashion. But maybe it was better to continue in normal
style with e3.} (8. e3 Bg7 9. Bd3 O-O 10. O-O $14 {Black doesn't have such a
bad position but we can surely agree that it is easier to play as White.}) 8...
Qd8 (8... dxc5 9. Ne4 Qd8 10. Nxc5 Nd7 $11) 9. e3 {Esen plays in quite a
creative mood, but this pawn sacrifice isn't so great. The compensation is
quite unclear.} dxc5 10. Bd3 cxd4 11. exd4 (11. Bxg6 dxc3 $19) 11... Bg7 12.
Bxg6 {In for a penny, in for a pound! Objectively this sacrifice is wrong but
objectivity was thrown out of the window the moment Black played 3...a6} (12.
O-O O-O {would mean that White is a pawn down without much compensation.})
12... fxg6 13. Qxg6+ Kf8 {White really doesn't have anything much here for the
sacrificed piece. Yet in a practical game there are always chances to go wrong.
} 14. O-O {One pawn and a slight lead in development, that is what White is
banking on.} Nc6 (14... Qf6 {looked natural but} 15. Qg3 {attacking c7, is
quite an irritating move to meet.} (15. Ne5 Nc6 $1 $17) 15... Nc6 16. Qxc7 {
The computer still shouts a clear advantage for Black but things do not really
look so clear anymore.}) 15. Rfe1 (15. Rad1 {defending the d4-pawn was better.}
) 15... Nxd4 $1 {Nigel doesn't see any ghosts and picks up another pawn. With .
..c5 in the reserve any pin on the d-file will not be very dangerous.} 16. Nxd4
Bxd4 (16... Qxd4 17. Re3 $1 (17. Rad1 Qf6 $17) 17... Qf6 18. Rf3 Qxf3 19. gxf3
{Shouldn't White be clearly better?} Rg8 $1 {The story isn't over yet.} 20. Kh1
Bxc3 21. Qxh6+ Bg7 22. Qf4+ Ke8 23. Qxc7 $13 {The position is unclear with
mutual chances.}) 17. Ne4 (17. Re3 $5 {Trying to get the f-file at all costs.}
Qf6 $1 (17... Bxe3 $2 18. fxe3 $18 {There is no good way to meet Rf1 and Ne4
with a blistering attack.}) 18. Rf3 $2 Qxf3 19. gxf3 Rg8 $19) 17... Qe8 (17...
Qe7 {With the idea of e5} 18. Rad1 e5 19. Nf6 Qf7 20. Qe4 Qxf6 21. Rxd4 Bf5 $19
) 18. Qg3 Rg8 (18... Qe7 {Defending the c7-pawn was better. Maybe Nigel was
afraid of} 19. Re3 $5 {If the rook is taken then fxe3 and the f-file opens.
Even that seems to be totally fine for Black, but a better defence is} Rh7 $1
20. Rf3+ Rf7 $19 {when all is well.}) (18... e5 19. Re3 Bxe3 20. fxe3 Be6 21.
Qxe5 (21. Rf1+ Bf7 $19) 21... Rg8 22. Qf6+ (22. Nf6 Qc6 23. Nxg8 Kxg8 $19)
22... Qf7 23. Qxh6+ Ke8 24. Rf1 (24. Nf6+ Ke7 $19) 24... Rg6 $1 (24... Qg6 $2
25. Rf8+ $1) 25. Qh8+ Qg8 26. Nf6+ Rxf6 27. Qxf6 Rd8 $19 {Black is better but
you can see the tremendous complications and minefields he has to navigate in
order to get to this point.}) 19. Qxc7 Qe7 $6 (19... Qd7 {was better as we
shall we in the game.}) 20. Qf4+ Kg7 (20... Qf7 21. Qd6+ $18) 21. Ng3 $1 {
Now Nf5+ is a huge threat which wouldn't have been the case if the queen were
on d7. Also the bishop on d4 would have been defended.} Bf6 $1 {Nigel remains
alert and tries to find the best possible defensive moves in a situation that
has gone completely haywire for him.} 22. Nf5+ exf5 23. Rxe7+ Bxe7 24. Qc7 Kf7
25. Re1 $14 {Materially Black is doing fine, but his king is weak and so are
his pawns. White should be slightly better here.} Be6 26. Qxb7 Rad8 27. Qxa6 {
Black has lost many pawns, but it seems he has co-ordinated himself to some
extent. The fluctuating nature of the game continues and the slightly better
position for Esen slowly goes downhill as Nigel co-ordinates his pieces to
launch a strong attack on the white king.} Bd5 28. g3 (28. Qa7 $1 Rxg2+ 29. Kf1
Re8 30. Qd7 Ba8 31. Re5 $18) (28. f3 {was possible but has its share of
problems.} Rge8 {...Bc5+ is a strong threat now.} (28... Bxf3 $2 29. Qe6+ $18)
29. a4 Bc5+ 30. Kf1 Rxe1+ 31. Kxe1 Be6 $11 {Somehow it seems much safer to
have your king in the open on e1 than to be boxed in on g1 as in the game.})
28... Bf6 29. a4 Rge8 $1 {The back rank weakness is critical and Nigel makes
the very practical decision to exchange rooks.} 30. Rf1 $2 {After this the two
bishops and the two rooks combined with the h-pawn will launch such an attack
that it would be impossible for White to defend.} (30. Rxe8 Rxe8 31. Kf1 {
This might seem risky but Black has no way to take advantage of the king on f1.
The position should end in a draw.}) 30... h5 $1 {This little pawn on the side
of the board is the key element in Black's attack. All of the huge forces -
two bishops and two rooks are useless if the lines are not opened up and this
h-pawn will make sure he opens the floodgates.} 31. b4 h4 $1 32. a5 $2 {
Sometimes when your opponent attacks you should show some indifference. But
often you have to be careful about their threats. There is a thin balance
which the engines have mastered. As for humans we keep making mistakes and
will continue doing so in the future!} (32. f3 Bd4+ 33. Kg2 Re3 $40 {is also
pretty dangerous.}) 32... hxg3 $1 {The game is over after this.} 33. hxg3 (33.
fxg3 Bd4+ $19) 33... Bf3 $1 (33... Rh8 {Maybe Esen thought that he could meet
this with f3 and be still alright. As it turns out the move f3 can be stopped
before playing Rh8.}) 34. Qc4+ Kg6 35. Qb3 Bd5 36. Qd3 Ba8 37. Qc2 Bd4 $1 {
Pinning the f2-pawn and threatening the deadly Rh8.} 38. Qc4 Rh8 39. Qe6+ Kg5
40. Qe7+ Kg4 {Mate cannot be averted. This might not end up as another king
walk legend by Nigel Short, but it nonetheless was a very exciting game.} 0-1

[Event "Qatar Masters op"]
[Site "Doha"]
[Date "2015.12.20"]
[Round "1"]
[White "Gagare, Shardul"]
[Black "Wei, Yi"]
[Result "1-0"]
[WhiteElo "2470"]
[BlackElo "2730"]
[Annotator "Sagar Shah/CB Website"]
[PlyCount "106"]
[EventDate "2015.12.20"]
[EventType "swiss"]
[EventRounds "9"]
[EventCountry "QAT"]
[SourceTitle "CBM 170"]
[Source "ChessBase"]
[SourceDate "2016.01.15"]
[SourceVersion "1"]
[SourceVersionDate "2016.01.15"]
[SourceQuality "1"]

1. d4 Nf6 2. c4 e6 3. Nf3 c5 4. d5 b5 5. Nc3 b4 6. Na4 Bb7 7. Bg5 h6 8. Bxf6
Qxf6 9. e4 d6 10. a3 Nd7 11. axb4 cxb4 12. Qd2 Rb8 13. Be2 Be7 14. O-O O-O 15.
Nd4 Rfc8 16. b3 Bf8 17. Rae1 Re8 18. Bd1 g6 19. Nc2 a5 20. Nd4 h5 21. g3 Rbc8
22. f4 e5 23. Nb5 exf4 24. gxf4 Ba6 25. Na7 Rc7 26. Nc6 Bh6 27. Qf2 Bc8 28. Kh1
Qg7 29. Qg3 Bb7 30. Nxa5 Ba8 31. Bf3 Kh8 32. Bg2 Qd4 33. Rd1 Qa7 34. Nc6 Bxc6
35. dxc6 Rxc6 36. e5 Ra6 37. exd6 Re3 38. Qf2 Rxb3 39. Qxa7 Rxa7 40. Bc6 Nb8
41. Bb5 Ra3 42. Rfe1 Kg7 43. Re8 Rb7 44. Re7 Rxb5 45. cxb5 Rxa4 46. Rb7 Ra8 47.
d7 Nxd7 48. Rbxd7 Rb8 49. R7d5 Kf6 50. R1d4 Bf8 51. Rd8 Bc5 52. Rxb8 Bxd4 53.
Rd8 {Wei Yi resigned the game at this point seeing that his bishop is attacked,
and if he moves it, b6 followed by b7-b8 is threatened. After b6 he cannot
play ...Bxb6, as then Rd6+ will pick up the piece. Yet, here Black has a
miraculous defence which was overlooked by the Chinese grandmaster.} Z0 (53...
Bb6 $3 {Can you believe this! This is the only way in which Black can fight on,
although most probably even this is objectively lost. But it is not so easy to
prove it.} 54. Rd6+ Ke7 55. Rd2 (55. Rxb6 $2 b3 $1 {The a- and c-files are
useless as a1 and c1 will be covered after b2. And there are no other squares
available.} 56. Rb7+ Ke8 57. Rb8+ Ke7 $11) 55... Ke6 56. Kg2 {Slowly White
should win this as he will activate his king and break the fortress. However,
this sequence starting with ...Bb6 was definitely worth trying over the board
by Wei Yi.}) (53... Be3 $2 54. b6 $1 Bxb6 (54... b3 55. b7 b2 56. b8=Q $18) 55.
Rd6+ $18) (53... b3 $2 54. Rxd4 b2 55. Rb4 $18) 1-0

[Event "Graz op-A"]
[Site "Graz"]
[Date "2016.02.13"]
[Round "2"]
[White "Colpe, Malte"]
[Black "Li, Chao B"]
[Result "0-1"]
[WhiteElo "2386"]
[BlackElo "2751"]
[Annotator "Schulz,Andre"]
[PlyCount "28"]
[EventDate "2016.02.12"]
[EventType "swiss"]
[EventRounds "9"]
[EventCountry "AUT"]
[SourceTitle "CBM 170 Extra"]
[Source "ChessBase"]
[SourceDate "2016.02.25"]
[SourceVersion "1"]
[SourceVersionDate "2016.02.25"]
[SourceQuality "1"]

1. d4 Nf6 2. c4 e6 3. Nf3 c5 4. d5 b5 {Das Blumenfeld-Gambit erfreut sich
wieder einiger Beliebtheit.} 5. Nc3 $6 ({Die "Normalen" Züge sind} 5. Bg5) ({
oder} 5. dxe6) 5... b4 6. Na4 d6 7. Bg5 Be7 8. Bxf6 $6 Bxf6 9. a3 Na6 10. axb4
Nxb4 {[#]} 11. e4 $2 (11. Nc3 O-O $15) (11. Nc3 Qe7 12. e3 O-O $15) 11... Qa5 {
Nun droht Sc2 mit Gewinn, wogegen es keine gute Verteiidgung mehr gibt.} 12.
Nd2 (12. Qd2 Nc2+ {hilft erst recht nicht.}) 12... Bxb2 13. Nb3 {[#]} (13. Nxb2
Qxa1 14. Qxa1 Nc2+ 15. Kd1 Nxa1 16. Bd3 Rb8 {mit Qualität und Bauer mehr, war
auch kein Vergnügen.}) 13... Nc2+ 14. Ke2 Nd4+ (14... Nd4+ 15. Nxd4 Bxd4 16.
Ra2 exd5 17. exd5 Qb4 $19) 0-1

[Event "Prague"]
[Site "Prague"]
[Date "1990.??.??"]
[Round "5"]
[White "Hort, Vlastimil"]
[Black "Short, Nigel D"]
[Result "0-1"]
[WhiteElo "2545"]
[BlackElo "2610"]
[Annotator "Schussler,H"]
[PlyCount "76"]
[EventDate "1990.08.??"]
[EventType "game"]
[EventRounds "1"]
[EventCountry "CSR"]
[SourceTitle "CBM 020"]
[Source "ChessBase"]
[SourceDate "1991.02.01"]
[SourceVersion "1"]
[SourceVersionDate "1991.02.01"]
[SourceQuality "1"]

1. d4 e6 2. c4 f5 3. Nc3 Nf6 4. g3 {Against Nc3 and g3 the move Bb4 is
considered to give Black easy equality.} Bb4 5. Bg2 O-O 6. Nf3 Ne4 $10 7. Qc2
d6 8. O-O Bxc3 9. bxc3 Nd7 10. Rd1 Qe8 11. Nd2 Ndf6 12. Nxe4 Nxe4 13. a4 Bd7
14. a5 Bc6 15. d5 Bd7 16. Be3 Qg6 17. Ra3 e5 18. Rb1 b6 19. Rba1 Rac8 20. axb6
axb6 21. Ra7 Nf6 22. Rb7 Qh5 23. f3 f4 24. gxf4 exf4 25. Bd4 Qg5 26. Kh1 Nh5
27. Raa7 Ng3+ 28. Kg1 Nf5 29. Kh1 Ne3 30. Bxe3 fxe3 31. Qc1 (31. Rxc7 Rxc7 32.
Rxc7 Ra8 33. Qb2 Qh4 34. Qb1 Bf5 $13) 31... Rf7 32. Qf1 Bf5 33. Bh3 h6 34. Qg2
Qh4 35. Bxf5 Rxf5 36. Qg1 Rg5 37. Qf1 Qxc4 38. Qd1 Rxd5 0-1